000 00286nam a2200133Ia 4500
100 _aTheroux/F.R./ Smith/L.A.
942 _cBK
654 _aPlane Surveying
245 _aPlane Surveying
260 _bPitman Pub.
_aNew York
_c1953
300 _a407
546 _aENGLISH
999 _c22945
_d22945